• 首页
  • 本馆介绍
  • 公告通知
  • 最新文献
  • 馆藏检索
  • 电子资源
  • 读者导购
  • 参考咨询
  • 我的图书馆
  • 登录
  • 详细信息显示
  • 放入我的书架
  • 预约/预借图书
  • 作者相关作品
  • 分类相关作品
  • 丛书相关作品
  • 出版社相关作品

书目信息

  • 表格格式
  • 工作单格式
  • 卡片格式
题名:
昆虫记
    
 
作者: 法布尔 著 ;陈思 改写
分册:  
出版信息: 北京   中国华侨出版社  2013
页数: 325页
开本: 22cm
丛书名:
单 册:
中图分类: Q96-49
科图分类:
主题词: 昆虫学--普及读物 , 昆虫学
电子资源:
ISBN: 978-7-5113-4047-4
000 01045nam0 2200289 450
001 006982493
005 20140611152755.59
010    @a978-7-5113-4047-4@b精装@dCNY29.80
100    @a20140102d2013 em y0chiy50 ea
101 1  @achi@cfre
102    @aCN@b110000
105    @aa z 000yy
106    @ar
200 1  @a昆虫记@9kun chong ji@f(法)法布尔(Fabre, J. H. )著@g陈思改写
210    @a北京@c中国华侨出版社@d2013
215    @a325页@c彩图@d22cm
312    @a封面英文题名:The records about insects
330    @a本书共10卷,选取了蚂蚁、蟋蟀、圣甲虫、大孔雀蛾等读者感兴趣的昆虫,记录下它们的体貌特征、食性、喜好、生存技巧、蜕变、繁衍和死亡等。全书记录了昆虫的生活,还透过昆虫世界折射出人类的社会与人生。
500 10 @a昆虫记@9kun chong ji
510 1  @aRecords about insects@zeng
606 0  @a昆虫学@j普及读物
606 0  @a昆虫学
690    @aQ96-49@v5
701  0 @c(法)@a法布尔@9fa bu er@c(Fabre, Jean-Henri@f1823~1915)@4著
702  0 @a陈思@9chen si@4改写
801  0 @aCN@bNLC@c20140207
905    @b548853-56@dQ96-49@e28@f4
    
    昆虫记/(法)法布尔(Fabre, J. H. )著/陈思改写.-北京:中国华侨出版社,2013
    325页:彩图;22cm
    
    
    ISBN 978-7-5113-4047-4(精装):CNY29.80
    本书共10卷,选取了蚂蚁、蟋蟀、圣甲虫、大孔雀蛾等读者感兴趣的昆虫,记录下它们的体貌特征、食性、喜好、生存技巧、蜕变、繁衍和死亡等。全书记录了昆虫的生活,还透过昆虫世界折射出人类的社会与人生。
●
相关链接 在E读中查询图书 在五车中查询图书 在当当中查询图书 在豆瓣中查询图书


正题名:昆虫记     索取号:Q96-49/28         预约/预借

序号 登录号 条形码 馆藏地/架位号 状态 备注
1 548853   205488532   第二样本阅览室/ [索取号:Q96-49/28] 在馆    
2 548854   205488541   密集书库-生命科学系/ [索取号:Q96-49/28] 在馆    
3 548855   205488550   第三借阅区/ [索取号:Q96-49/28] 已借出,限还日期为2026.08.06
借出人:王晓英  
 
4 548856   205488569   第三借阅区/ [索取号:Q96-49/28] 在馆    
唐山师范学院图书馆 欢迎您!
大连网信软件有限公司© 版权所有